[Event "Wch U18 Girls"]
[Site "Porto Carras"]
[Date "2015.10.26"]
[Round "2"]
[White "Assaubayeva, Bibissara"]
[Black "Assaubayeva, Diana"]
[Result "1-0"]
[WhiteElo "2183"]
[BlackElo "1998"]
[PlyCount "56"]
[EventDate "2015.10.25"]
[EventType "swiss"]
[EventRounds "11"]
[EventCountry "GRE"]
[SourceTitle "CBM 169 Extra"]
[Source "ChessBase"]
[SourceDate "2015.12.18"]
[SourceVersion "1"]
[SourceVersionDate "2015.12.18"]
[SourceQuality "1"]

1. e4 e6 2. d4 d5 3. Nc3 Nf6 4. e5 Nfd7 5. f4 c5 6. Nf3 Nc6 7. Be3 a6 8. Qd2 b5 9. a3 Qb6 10. Ne2 b4 11. axb4 Qxb4 12. c3 Qb6 13. dxc5 Bxc5 14. Ned4 Nxd4 15. Nxd4 Bxd4 16. Bxd4 Qc6 17. Bd3 Rb8 18. b4 g6 19. 0-0 Bb7 20. Qe2 Ra8 21. Ra3 0-0 22. Rfa1 Nb8 23. b5 Qc7 24. bxa6 Bc6 25. a7 Nd7 26. Rb1 Kg7 27. Qe3 Rae8 28. Ra6 Ba8 1-0

[Event "Kostanay Ufimtsev Memorial"]
[Site "Kostanay"]
[Date "2014.06.09"]
[Round "6"]
[White "Kozybayeva, Alisa"]
[Black "Assaubayeva, Diana"]
[Result "0-1"]
[WhiteElo "1793"]
[BlackElo "1962"]
[PlyCount "90"]
[EventDate "2014.06.04"]
[EventType "swiss"]
[EventRounds "9"]
[EventCountry "KAZ"]
[SourceTitle "EXT 2018"]
[Source "ChessBase"]
[SourceDate "2017.10.13"]
[SourceVersion "1"]
[SourceVersionDate "2017.10.13"]
[SourceQuality "1"]

1. d4 d5 2. c4 c6 3. Nf3 Nf6 4. Nc3 e6 5. Bg5 Nbd7 6. e3 Qa5 7. Bxf6 Nxf6 8. Nd2 Be7 9. Bd3 Qd8 10. 0-0 0-0 11. cxd5 exd5 12. h3 Bd6 13. Rb1 Qe7 14. a3 a5 15. Qc2 Re8 16. Rfe1 h6 17. e4 dxe4 18. Ncxe4 Nxe4 19. Nxe4 Be6 20. Nxd6 Qxd6 21. Rbd1 Bd5 22. Bc4 Rad8 23. Re3 Rxe3 24. fxe3 Qe6 25. Bxd5 Qxe3+ 26. Qf2 Qxf2+ 27. Kxf2 Rxd5 28. Ke2 f5 29. Rd2 Kf7 30. Ke3 Kf6 31. h4 g5 32. hxg5+ hxg5 33. g3 Rb5 34. Kf2 Rb3 35. Kg2 f4 36. gxf4 gxf4 37. Rf2 Kf5 38. Rd2 Kg4 39. Kf2 f3 40. d5 cxd5 41. Rxd5 Rxb2+ 42. Kf1 b5 43. a4 bxa4 44. Rxa5 a3 45. Ra8 a2 0-1

[Event "World School-ch U17 Girls 9th"]
[Site "Porto Carras"]
[Date "2013.05.13"]
[Round "8"]
[White "Drakaki, Anna Maria"]
[Black "Assaubayeva, Diana"]
[Result "1-0"]
[WhiteElo "1925"]
[BlackElo "2011"]
[PlyCount "81"]
[EventDate "2013.05.07"]
[EventType "swiss"]
[EventRounds "9"]
[EventCountry "GRE"]
[SourceTitle "CBM 154 Extra"]
[Source "ChessBase"]
[SourceDate "2013.06.25"]
[SourceVersion "2"]
[SourceVersionDate "2013.06.25"]
[SourceQuality "1"]

1. d4 d5 2. c4 c6 3. cxd5 cxd5 4. Bf4 Nc6 5. e3 Nf6 6. Nc3 Bf5 7. Qb3 Qd7 8. Nf3 e6 9. Ne5 Qc8 10. Bb5 Nd7 11. Bxc6 bxc6 12. Rc1 Nxe5 13. Bxe5 f6 14. Bg3 Qd7 15. 0-0 Bd6 16. Bxd6 Qxd6 17. Qb7 0-0 18. Na4 Rfc8 19. Rc3 Bg6 20. Rfc1 Be8 21. Qa6 e5 22. Rb3 exd4 23. exd4 Qf4 24. Rd1 Bh5 25. f3 Bg6 26. Rc3 Qd6 27. Rdc1 Qb4 28. Rd1 Be8 29. a3 Qe7 30. Kf2 Rab8 31. Re1 Qd6 32. g3 Bd7 33. Rce3 Rb5 34. b4 Kf8 35. Nc5 Rb6 36. Qd3 Kg8 37. Re7 Rd8 38. Nxd7 Rxd7 39. Re8+ Kf7 40. Qxh7 Rxb4 41. Qh5+ 1-0

[Event "World School-ch U17 Girls 9th"]
[Site "Porto Carras"]
[Date "2013.05.12"]
[Round "7"]
[White "Assaubayeva, Diana"]
[Black "Soyunlu, Narmin Asat Qizi"]
[Result "1/2-1/2"]
[WhiteElo "2011"]
[BlackElo "2002"]
[PlyCount "101"]
[EventDate "2013.05.07"]
[EventType "swiss"]
[EventRounds "9"]
[EventCountry "GRE"]
[SourceTitle "CBM 154 Extra"]
[Source "ChessBase"]
[SourceDate "2013.06.25"]
[SourceVersion "2"]
[SourceVersionDate "2013.06.25"]
[SourceQuality "1"]

1. c4 c6 2. e4 d5 3. exd5 cxd5 4. cxd5 Nf6 5. Nc3 Nxd5 6. Nf3 g6 7. Bc4 Nb6 8. Bb3 Bg7 9. d4 0-0 10. Be3 Bg4 11. h3 Bxf3 12. Qxf3 Nc6 13. Rd1 Rc8 14. 0-0 Qd7 15. Rfe1 Na5 16. Ne4 Nxb3 17. axb3 Qd5 18. Nc5 Qxf3 19. gxf3 Nd5 20. Nxb7 Rc2 21. Nc5 Rxb2 22. Ra1 Ra8 23. Ra5 Nb4 24. Rea1 Nc6 25. Ra6 Nxd4 26. Rxa7 Rxa7 27. Rxa7 Nxf3+ 28. Kg2 Nh4+ 29. Kf1 h5 30. Rxe7 Nf5 31. Re8+ Kh7 32. Ne4 Nxe3+ 33. fxe3 Bh6 34. Nc5 Rh2 35. b4 Rxh3 36. Kf2 Rh2+ 37. Kf3 Rb2 38. Re4 g5 39. Nd3 g4+ 40. Kg3 Rb3 41. Nf4 Bg5 42. Nxh5 f5 43. Re5 Kg6 44. Nf4+ Bxf4+ 45. Kxf4 Rxb4+ 46. e4 fxe4 47. Kxg4 Kf6 48. Re8 Kf7 49. Re5 Kf6 50. Re8 Kf7 51. Re5 1/2-1/2

[Event "World School-ch U17 Girls 9th"]
[Site "Porto Carras"]
[Date "2013.05.08"]
[Round "2"]
[White "Patel, Yesim"]
[Black "Assaubayeva, Diana"]
[Result "0-1"]
[WhiteElo "1876"]
[BlackElo "2011"]
[PlyCount "56"]
[EventDate "2013.05.07"]
[EventType "swiss"]
[EventRounds "9"]
[EventCountry "GRE"]
[SourceTitle "CBM 154 Extra"]
[Source "ChessBase"]
[SourceDate "2013.06.25"]
[SourceVersion "2"]
[SourceVersionDate "2013.06.25"]
[SourceQuality "1"]

1. e4 e6 2. d4 d5 3. Nd2 Nf6 4. e5 Nfd7 5. Bd3 c5 6. c3 Nc6 7. Ne2 cxd4 8. cxd4 Nb6 9. 0-0 Bd7 10. f4 g6 11. Nf3 a5 12. g4 a4 13. Ng3 a3 14. bxa3 Bxa3 15. Bxa3 Rxa3 16. f5 Nb4 17. Bb1 Nc4 18. Qc1 Qb6 19. Qf4 Nc6 20. Kh1 Qb2 21. fxg6 fxg6 22. Qf6 Rg8 23. Ng5 Ne3 24. Bxg6+ hxg6 25. Qf7+ Kd8 26. Qxg8+ Kc7 27. Rg1 Nxg4 28. Nf3 Rxf3 0-1

[Event "Asia U20 Girls op"]
[Site "Sharjah"]
[Date "2013.04.06"]
[Round "7"]
[White "Hakimifard, Ghazal"]
[Black "Assaubayeva, Diana"]
[Result "0-1"]
[WhiteElo "2250"]
[BlackElo "1966"]
[PlyCount "98"]
[EventDate "2013.03.30"]
[EventType "swiss"]
[EventRounds "9"]
[EventCountry "UAE"]
[SourceTitle "CBM 153 Extra"]
[Source "ChessBase"]
[SourceDate "2013.04.22"]
[SourceVersion "1"]
[SourceVersionDate "2013.04.22"]
[SourceQuality "1"]

1. e4 e6 2. d4 d5 3. Nd2 Nf6 4. e5 Nfd7 5. c3 c5 6. Bd3 Nc6 7. Ne2 cxd4 8. cxd4 f6 9. exf6 Qxf6 10. Nf3 h6 11. Bb1 Bd6 12. Qd3 0-0 13. Ng3 Bb4+ 14. Kf1 Rd8 15. Qh7+ Kf8 16. Nh5 Qf7 17. Bxh6 gxh6 18. Qxh6+ Ke7 19. Ng5 Bd2 20. Bg6 Qg8 21. f4 Qh8 22. Bh7 Nf8 23. Ng7 Bxf4 24. Qh4 Qxg7 25. Ne4+ Bg5 26. Nxg5 Nxh7 27. Nxh7+ Kd7 28. Rc1 Qg6 29. Kf2 Qf5+ 30. Ke3 Qe4+ 31. Qxe4 dxe4 32. g4 Ke7 33. g5 Nxd4 34. Kxe4 Nf5 35. Rc7+ Kd6 36. Rf7 Bd7 37. Rd1+ Kc6 38. Ke5 Be8 39. Rc1+ Kb6 40. Rf6 Ng7 41. h4 Rd5+ 42. Ke4 Rad8 43. g6 Rd4+ 44. Ke3 Nf5+ 45. Ke2 Bb5+ 46. Ke1 Re4+ 47. Kf2 Rf4+ 48. Kg1 Rg4+ 49. Kf2 Rd2+ 0-1

[Event "Wch U16 Girls"]
[Site "Al Ain"]
[Date "2013.??.??"]
[Round "9"]
[White "Assaubayeva, Diana"]
[Black "Narzikulova, Gulhae"]
[Result "1-0"]
[WhiteElo "1974"]
[BlackElo "1769"]
[PlyCount "61"]
[EventDate "2013.12.18"]
[EventType "swiss"]
[EventRounds "11"]
[EventCountry "UAE"]
[SourceTitle "CBM 158 Extra"]
[Source "ChessBase"]
[SourceDate "2014.02.28"]
[SourceVersion "1"]
[SourceVersionDate "2014.02.28"]
[SourceQuality "1"]

1. c4 Nf6 2. g3 g6 3. Bg2 Bg7 4. Nc3 0-0 5. e4 d6 6. Nge2 Nbd7 7. 0-0 Ne5 8. d3 c5 9. f4 Nc6 10. h3 Ne8 11. Be3 Nd4 12. Rb1 Rb8 13. Kh2 b6 14. Bxd4 cxd4 15. Nb5 e5 16. Nxa7 Bd7 17. Nb5 d5 18. Qd2 Bc6 19. a4 Qd7 20. Rf2 dxe4 21. dxe4 Nf6 22. Qd3 Rbd8 23. Re1 Qb7 24. Nc1 Nh5 25. f5 Bh6 26. Na2 Be3 27. Rxe3 dxe3 28. Qxe3 gxf5 29. Qg5+ Ng7 30. exf5 Bxg2 31. Rxg2 1-0

[Event "Pavlodar op"]
[Site "Pavlodar"]
[Date "2012.08.05"]
[Round "1"]
[White "Ospanov, Nazar"]
[Black "Assaubayeva, Diana"]
[Result "1-0"]
[WhiteElo "2286"]
[BlackElo "1966"]
[PlyCount "51"]
[EventDate "2012.08.05"]
[EventType "swiss"]
[EventRounds "7"]
[EventCountry "KAZ"]
[SourceTitle "EXT 2014"]
[Source "ChessBase"]
[SourceDate "2013.11.20"]
[SourceVersion "1"]
[SourceVersionDate "2013.11.20"]
[SourceQuality "1"]

1. e4 e6 2. d4 d5 3. Nd2 Nf6 4. e5 Nfd7 5. Bd3 c5 6. c3 Nc6 7. Ne2 f6 8. exf6 Qxf6 9. Nf3 h6 10. 0-0 cxd4 11. cxd4 Bd6 12. Nc3 a6 13. Bc2 0-0 14. a3 Rd8 15. Re1 Nf8 16. b4 Bd7 17. b5 axb5 18. Nxb5 Bb8 19. Bb2 Be8 20. Ne5 Bg6 21. Rc1 Ne7 22. Bd3 Bxd3 23. Qxd3 Neg6 24. Nc7 Nf4 25. Qg3 Ra7 26. Ng4 1-0

[Event "Asia-ch U16 Girls"]
[Site "Hikkaduwa"]
[Date "2012.06.27"]
[Round "3.2"]
[White "Nandhidhaa, PV."]
[Black "Assaubayeva, Diana"]
[Result "1-0"]
[WhiteElo "2176"]
[BlackElo "1896"]
[PlyCount "86"]
[EventDate "2012.06.26"]
[EventType "swiss"]
[EventRounds "9"]
[EventCountry "SRI"]
[SourceTitle "EXT 2024"]
[Source "ChessBase"]
[SourceDate "2023.10.10"]
[SourceVersion "1"]
[SourceVersionDate "2023.10.10"]
[SourceQuality "1"]

1. e4 e6 2. d4 d5 3. e5 c5 4. c3 Nc6 5. Nf3 Nh6 6. Bd3 cxd4 7. cxd4 Nf5 8. Bxf5 exf5 9. 0-0 h6 10. Nc3 Be6 11. Re1 Be7 12. Be3 g5 13. Qa4 f4 14. Bc1 a6 15. a3 Qb6 16. Rd1 Kf8 17. b4 Rc8 18. Bb2 Rg8 19. Qb3 g4 20. Na4 Qb5 21. Nd2 Na5 22. bxa5 Qxa5 23. Nf1 b5 24. Nc5 Bxc5 25. dxc5 Rxc5 26. Qb4 Qxb4 27. axb4 Rc6 28. Bd4 Ke7 29. Bc5+ Kd7 30. Nd2 Rg5 31. Re1 Rg8 32. Nb3 Ra8 33. Ra5 Kd8 34. Rea1 Bc8 35. Nd4 Rg6 36. Nxb5 f6 37. Rd1 Bb7 38. Nd6 Bc6 39. e6 Ke7 40. b5 axb5 41. Nxb5+ Kd8 42. e7+ Kd7 43. Rxa8 Bxa8 1-0

[Event "KAZ-ch qual"]
[Site "Astana"]
[Date "2012.02.21"]
[Round "1"]
[White "Assaubayeva, Diana"]
[Black "Egorov, Evgeni"]
[Result "0-1"]
[WhiteElo "1869"]
[BlackElo "2338"]
[PlyCount "70"]
[EventDate "2012.02.21"]
[EventType "swiss"]
[EventRounds "9"]
[EventCountry "KAZ"]
[SourceTitle "EXT 2014"]
[Source "ChessBase"]
[SourceDate "2013.11.20"]
[SourceVersion "1"]
[SourceVersionDate "2013.11.20"]
[SourceQuality "1"]

1. c4 f5 2. Nf3 Nf6 3. g3 d6 4. d4 g6 5. Bg2 Bg7 6. Nc3 0-0 7. 0-0 Qe8 8. d5 h6 9. Nd4 Na6 10. e3 Bd7 11. f4 c6 12. Nb3 c5 13. Nd2 g5 14. e4 Ng4 15. Nb3 gxf4 16. Bxf4 Qg6 17. Qe2 Rf7 18. h3 Ne5 19. Kh2 b6 20. a3 Nc7 21. Nd2 fxe4 22. Ndxe4 Raf8 23. Rae1 Bg4 24. Qc2 Qh5 25. Bxe5 Bxe5 26. Qd3 Rf3 27. Rxf3 Rxf3 28. Re3 Rf7 29. Ne2 Ne8 30. Nf4 Rxf4 31. gxf4 Bxf4+ 32. Ng3 Qh4 33. Rxe7 Qxe7 34. Qg6+ Ng7 35. Qxg4 Qe5 0-1

[Event "KAZ-ch U20 Girls"]
[Site "Kostanay"]
[Date "2012.02.06"]
[Round "3"]
[White "Kusluvan, Yekaterina"]
[Black "Assaubayeva, Diana"]
[Result "1-0"]
[WhiteElo "2035"]
[BlackElo "1869"]
[PlyCount "69"]
[EventDate "2012.02.04"]
[EventType "swiss"]
[EventRounds "9"]
[EventCountry "KAZ"]
[SourceTitle "EXT 2014"]
[Source "ChessBase"]
[SourceDate "2013.11.20"]
[SourceVersion "1"]
[SourceVersionDate "2013.11.20"]
[SourceQuality "1"]

1. e4 e6 2. d4 d5 3. Nd2 Nf6 4. e5 Nfd7 5. Bd3 c5 6. c3 Nc6 7. Ne2 cxd4 8. cxd4 f6 9. exf6 Qxf6 10. Nf3 h6 11. 0-0 Bd6 12. Re1 0-0 13. Ng3 Rd8 14. Bc2 Nf8 15. Nh5 Qe7 16. Ne5 Qc7 17. Bf4 Bxe5 18. dxe5 Qf7 19. Qg4 Kh8 20. Rad1 Ne7 21. Re3 Nf5 22. Rh3 Qg6 23. Qe2 Nh7 24. g4 Bd7 25. Kh1 d4 26. gxf5 Bc6+ 27. f3 exf5 28. Rg1 d3 29. Bxd3 Qg4 30. Rxg4 fxg4 31. Rg3 Bxf3+ 32. Rxf3 gxf3 33. Qxf3 Rf8 34. e6 Rfe8 35. Qe4 1-0

[Event "KAZ-ch U20 Girls"]
[Site "Kostanay"]
[Date "2012.02.05"]
[Round "2"]
[White "Sarkina, Saule"]
[Black "Assaubayeva, Diana"]
[Result "0-1"]
[WhiteElo "2058"]
[BlackElo "1869"]
[PlyCount "94"]
[EventDate "2012.02.04"]
[EventType "swiss"]
[EventRounds "9"]
[EventCountry "KAZ"]
[SourceTitle "EXT 2014"]
[Source "ChessBase"]
[SourceDate "2013.11.20"]
[SourceVersion "1"]
[SourceVersionDate "2013.11.20"]
[SourceQuality "1"]

1. e4 e6 2. d4 d5 3. Nd2 Nf6 4. e5 Nfd7 5. Bd3 c5 6. c3 Nc6 7. Ne2 cxd4 8. cxd4 f6 9. exf6 Qxf6 10. Nf3 h6 11. Nf4 Bb4+ 12. Bd2 Qxf4 13. Bxb4 Nxb4 14. Bg6+ Ke7 15. 0-0 Qf6 16. Bh5 g6 17. Bg4 Nc6 18. Re1 Nf8 19. Ne5 h5 20. Bf3 Nxe5 21. Rxe5 Kf7 22. Rc1 Bd7 23. Rc7 Rb8 24. Qa4 Qd8 25. Qc2 Rc8 26. Rxc8 Bxc8 27. Qe2 Qf6 28. Qd1 Nd7 29. Re3 Kg7 30. Rc3 Rf8 31. Rc7 g5 32. Qc2 g4 33. Bxg4 hxg4 34. Rxc8 Qxd4 35. Rc7 Rf7 36. Rc3 Qe5 37. Re3 Qf5 38. Qc3+ e5 39. Qe1 e4 40. Rg3 Ne5 41. h3 Kh7 42. hxg4 Nxg4 43. f3 Nh6 44. Rh3 exf3 45. Rxf3 Qe4 46. Re3 Qd4 47. Kh1 Qxe3 0-1

[Event "KAZ-ch U20 Girls"]
[Site "Kostanay"]
[Date "2012.02.04"]
[Round "1"]
[White "Assaubayeva, Diana"]
[Black "Serikbay, Assel"]
[Result "1-0"]
[WhiteElo "1869"]
[BlackElo "1729"]
[PlyCount "97"]
[EventDate "2012.02.04"]
[EventType "swiss"]
[EventRounds "9"]
[EventCountry "KAZ"]
[SourceTitle "EXT 2014"]
[Source "ChessBase"]
[SourceDate "2013.11.20"]
[SourceVersion "1"]
[SourceVersionDate "2013.11.20"]
[SourceQuality "1"]

1. c4 c5 2. g3 Nf6 3. Bg2 g6 4. Nc3 Bg7 5. Nf3 Nc6 6. 0-0 d6 7. d4 cxd4 8. Nxd4 Nxd4 9. Qxd4 0-0 10. Rd1 a6 11. Qf4 Qc7 12. Be3 Bg4 13. c5 e5 14. Qb4 a5 15. Qxb7 Qxb7 16. Bxb7 Rad8 17. c6 Bc8 18. Bb6 Rde8 19. Bc7 Re6 20. Rxd6 Ne8 21. Rxe6 fxe6 22. Bd8 Nd6 23. Be7 Nxb7 24. Bxf8 Bxf8 25. cxb7 Bxb7 26. Rd1 Bc6 27. Rd8 Kf7 28. Rc8 Be8 29. Ra8 Bb4 30. a3 Bxc3 31. bxc3 a4 32. Ra7+ Kf6 33. c4 h5 34. c5 Kf5 35. Re7 Bb5 36. Rc7 Ke4 37. f3+ Kd5 38. e4+ Kd4 39. Kf2 Kc4 40. Ke3 Kb3 41. Kd2 Kxa3 42. Kc3 Ka2 43. Rb7 Bc6 44. Rb6 Bd7 45. c6 Bc8 46. Rb8 Ba6 47. Ra8 Bb5 48. c7 Bd7 49. Rd8 1-0

[Event "Wch U14 Girls"]
[Site "Caldas Novas"]
[Date "2011.11.23"]
[Round "6"]
[White "Assaubayeva, Diana"]
[Black "Mahalakshmi, Muganda Kumar"]
[Result "1-0"]
[WhiteElo "1854"]
[BlackElo "1955"]
[PlyCount "61"]
[EventDate "2011.11.18"]
[EventType "swiss"]
[EventRounds "9"]
[EventCountry "BRA"]
[SourceTitle "EXT 2013"]
[Source "ChessBase"]
[SourceDate "2012.11.22"]
[SourceVersion "1"]
[SourceVersionDate "2012.11.22"]
[SourceQuality "1"]

1. d4 Nf6 2. c4 e6 3. Nf3 Bb4+ 4. Bd2 c5 5. g3 Bxd2+ 6. Qxd2 cxd4 7. Nxd4 0-0 8. Bg2 d5 9. cxd5 Nxd5 10. 0-0 Nc6 11. Rd1 Qb6 12. Nc3 Qxd4 13. Qxd4 Nxd4 14. Rxd4 Nxc3 15. bxc3 e5 16. Rd5 Re8 17. Rb5 Rb8 18. Bc6 Rd8 19. Rab1 b6 20. Rxe5 Be6 21. a4 Rbc8 22. Bf3 Rxc3 23. a5 bxa5 24. Rxa5 Rc7 25. Bb7 Rd2 26. e3 g6 27. Rxa7 Ba2 28. Rb4 Rd1+ 29. Kg2 Bc4 30. Be4 Bf1+ 31. Kf3 1-0

[Event "Wch U14 Girls"]
[Site "Caldas Novas"]
[Date "2011.11.20"]
[Round "3"]
[White "Stanciu, Ioana Georgiana"]
[Black "Assaubayeva, Diana"]
[Result "0-1"]
[WhiteElo "1712"]
[BlackElo "1854"]
[PlyCount "64"]
[EventDate "2011.11.18"]
[EventType "swiss"]
[EventRounds "9"]
[EventCountry "BRA"]
[SourceTitle "EXT 2013"]
[Source "ChessBase"]
[SourceDate "2012.11.22"]
[SourceVersion "1"]
[SourceVersionDate "2012.11.22"]
[SourceQuality "1"]

1. e4 d5 2. exd5 Qxd5 3. Nf3 Bg4 4. Be2 Nf6 5. c4 Qe6 6. 0-0 Nc6 7. b3 0-0-0 8. Bb2 Bxf3 9. Bxf3 Nd4 10. Bxd4 Rxd4 11. Qc2 Rh4 12. Nc3 Qe5 13. h3 e6 14. Rfe1 Qg5 15. Ne4 Nxe4 16. Rxe4 Rf4 17. Kf1 Bc5 18. Rae1 Qh4 19. R1e2 Rxe4 20. Bxe4 Qf4 21. Qc3 e5 22. Qa5 Bb6 23. Qd5 c6 24. Qd6 Rd8 25. Qe7 h6 26. b4 Bc7 27. d3 Bd6 28. Bf5+ Qxf5 29. Qh4 Qxd3 30. c5 Bc7 31. Qg4+ Kb8 32. Qxg7 Qc4 0-1

[Event "Wch U14 Girls"]
[Site "Caldas Novas"]
[Date "2011.11.19"]
[Round "2"]
[White "Assaubayeva, Diana"]
[Black "Goryachkina, Aleksandra"]
[Result "0-1"]
[WhiteElo "1854"]
[BlackElo "2313"]
[PlyCount "126"]
[EventDate "2011.11.18"]
[EventType "swiss"]
[EventRounds "9"]
[EventCountry "BRA"]
[SourceTitle "EXT 2013"]
[Source "ChessBase"]
[SourceDate "2012.11.22"]
[SourceVersion "1"]
[SourceVersionDate "2012.11.22"]
[SourceQuality "1"]

1. c4 f5 2. Nf3 Nf6 3. g3 g6 4. Bg2 Bg7 5. 0-0 0-0 6. Nc3 d6 7. d4 Nc6 8. d5 Na5 9. Nd2 c5 10. a3 Bd7 11. Qc2 Rc8 12. h3 a6 13. b3 b5 14. Bb2 Rb8 15. Rab1 Qc8 16. Kh2 g5 17. f4 h6 18. Nd1 e6 19. Ne3 gxf4 20. gxf4 exd5 21. Nxd5 Nc6 22. Rg1 Kh7 23. e3 Be6 24. Bf3 Bxd5 25. cxd5 Ne7 26. e4 Bh8 27. exf5 Rb7 28. Ne4 Nxe4 29. Bxe4 Nxf5 30. Qg2 Bxb2 31. Rxb2 Kh8 32. Qg6 Rg7 33. Qh5 Rf6 34. Rbg2 Rxg2+ 35. Rxg2 Ng7 36. Qh4 Qf8 37. Rg6 Ne8 38. Qh5 Rxg6 39. Qxg6 Qxf4+ 40. Kh1 Qc1+ 41. Kh2 Qf4+ 42. Kh1 Nf6 43. Bf5 Qc1+ 44. Kh2 Qd2+ 45. Kh1 Qxd5+ 46. Kh2 Qd2+ 47. Kh1 Qg5 48. Qf7 Qg7 49. Qe6 Qf8 50. Bd3 Kg7 51. Kh2 Qd8 52. Bf5 Qc7 53. Kg1 d5 54. Kg2 a5 55. Kf2 c4 56. bxc4 dxc4 57. Ke2 b4 58. axb4 axb4 59. Kd1 b3 60. h4 Qd8+ 61. Kc1 Qc7 62. Kb1 Qc5 63. h5 c3 0-1

[Event "Wch U14 Girls"]
[Site "Caldas Novas"]
[Date "2011.11.18"]
[Round "1"]
[White "Ebeling, Gabriela"]
[Black "Assaubayeva, Diana"]
[Result "0-1"]
[WhiteElo "1541"]
[BlackElo "1854"]
[PlyCount "60"]
[EventDate "2011.11.18"]
[EventType "swiss"]
[EventRounds "9"]
[EventCountry "BRA"]
[SourceTitle "EXT 2013"]
[Source "ChessBase"]
[SourceDate "2012.11.22"]
[SourceVersion "1"]
[SourceVersionDate "2012.11.22"]
[SourceQuality "1"]

1. e4 d5 2. exd5 Qxd5 3. Nc3 Qa5 4. d4 Nf6 5. Bc4 Bf5 6. Bd2 Qb6 7. Bc1 e6 8. Nf3 Bb4 9. 0-0 0-0 10. Bg5 Nbd7 11. Re1 Bg4 12. Qd3 Bxf3 13. gxf3 Rad8 14. Rad1 Ba5 15. b3 h6 16. Bh4 e5 17. dxe5 Nxe5 18. Qe3 Rxd1 19. Nxd1 Nxc4 20. bxc4 Bxe1 21. Qxe1 Qb1 22. Bxf6 gxf6 23. Qd2 Qa1 24. Kg2 Qe5 25. Kh1 Re8 26. Ne3 f5 27. Kg2 Re6 28. Nd5 Rg6+ 29. Kh1 Qa1+ 30. Qd1 Qxd1# 0-1